| 000 | 01028nam a2200253 i 4500 | ||
|---|---|---|---|
| 001 | 190015 | ||
| 003 | ES-MaACL | ||
| 005 | 20251015185719.0 | ||
| 007 | t| | ||
| 008 | 200305s1967 sp |||| | spa d | ||
| 100 | 1 |
_aVázquez-Prada, María Teresa. _9113472 |
|
| 245 | 1 | 3 |
_aEl pensamiento pedagógico de Eduardo Spranger / _cpor Mª Teresa Vázquez-Prada Oñoro. |
| 260 |
_aBarcelona : _b[Universidad, Facultad de Filosofía y Letras, _c1967] ( _fIvern) |
||
| 300 |
_a10 p. ; _c24 cm. |
||
| 502 | _aTesis-Univ. Barcelona (Extracto) | ||
| 504 | _aBibliografía: p. 6-10. | ||
| 594 | _aPrecede al tít.: Universidad de Barcelona. Secretariado de Publicaciones, Intercambio Científico y Extensión Universitaria. | ||
| 600 | 1 | 4 |
_aSpranger, Eduard, _d1882-1963 _9107790 |
| 655 |
_aTesis y escritos académicos _9226867 |
||
| 710 | 2 |
_aUniversidad de Barcelona. _bFacultad de Filosofía y Letras. _97149 |
|
| 852 | 4 |
_aES-MaACL _jP-1415 (11) _9197166 _bR.68610 _cDEPO2 |
|
| 942 | _2udc | ||
| 999 |
_c190015 _d190015 |
||